| 000 | 00463nam a2200181Ia 4500 | ||
|---|---|---|---|
| 001 | 2446 | ||
| 005 | 20260306144807.0 | ||
| 008 | 260306t2018||||xx |||||||||||||| ||spa|| | ||
| 041 | _aESP | ||
| 082 |
_a616.89 _bS79T |
||
| 100 |
_aStern, Theodore A. _eAUT |
||
| 245 | 0 | _aMassachusetts General Hospital tratado de psiquiatría clínica | |
| 260 | _c2018 | ||
| 300 |
_axx, 1038 páginas : _c28 cm. |
||
| 650 | _aGEN | ||
| 654 | _aCPS | ||
| 942 |
_cLIB _dJUS _fJUS _2ddc _n |
||
| 999 |
_c2446 _d2446 |
||